<?xml version="1.0" encoding="UTF-8"?>
<record
    xmlns:xsi="http://www.w3.org/2001/XMLSchema-instance"
    xsi:schemaLocation="http://www.loc.gov/MARC21/slim http://www.loc.gov/standards/marcxml/schema/MARC21slim.xsd"
    xmlns="http://www.loc.gov/MARC21/slim">

  <leader>00398    a2200121   4500</leader>
  <controlfield tag="001">ART_56245</controlfield>
  <controlfield tag="005">20260410162029.0</controlfield>
  <controlfield tag="008">260409a                                 </controlfield>
  <datafield tag="245" ind1="1" ind2="0">
    <subfield code="a">El proceso, la pandemia y el pase sanitario en la Provincia de Buenos Aires</subfield>
  </datafield>
  <datafield tag="100" ind1="1" ind2=" ">
    <subfield code="a">Rossi, Jorge O.</subfield>
  </datafield>
  <datafield tag="700" ind1="1" ind2=" ">
    <subfield code="a">Cofr&#xE9;, Noelia M.</subfield>
  </datafield>
  <datafield tag="773" ind1="0" ind2=" ">
    <subfield code="t">Temas de derecho procesal</subfield>
    <subfield code="g">- A&#xF1;o 6, N&#xB0; 5 (mayo 2022)</subfield>
    <subfield code="w">REV44095</subfield>
  </datafield>
  <datafield tag="999" ind1=" " ind2=" ">
    <subfield code="c">33851</subfield>
    <subfield code="d">33851</subfield>
  </datafield>
</record>
